000 00562nam a2200217Ia 4500
003 OSt
005 20220926043143.0
006 a|||||r|||| 00| 0
007 ta
008 220923b |||||||| |||| 00| 0 eng d
037 _cGeneral Book
040 _aRTL
_cRTL
_beng
041 _2eng
_aeng
082 _aY116, K5
100 _aRosenberg Morris
_919603
245 0 _aSociety and the adolescent self-image
260 _c1965
650 _aMen Sociology
_9238037
942 _hY116, K5
_cGB
_2CC
999 _c671595
_d671595